00313nam a22001097a 4500003000400000082001800004100001600022245009900038260002500137300000700162653003400169SGT a617.643bC26Y aYadav, Anuj aComparative evaluation of different types of re-mineralising tooth-paste on white spot lesions aGurugrambSGTUc2026 a73 a Orthodontics and dentofacial